| 000 | 00866cam a22003254a 4500 | ||
|---|---|---|---|
| 001 | 120076 | ||
| 005 | 20230410123552.0 | ||
| 008 | 070515s2007 fr 001 0 fre | ||
| 035 | _a14912285 | ||
| 925 | 0 |
_aacquire _b1 shelf copy _xpolicy default |
|
| 942 |
_2lcc _cbk |
||
| 010 | _a 2007456202 | ||
| 020 | _a9782275025056 | ||
| 035 | _a(FrPJT)JTL00202633 | ||
| 040 |
_aDLC _cDLC |
||
| 043 | _ae-fr--- | ||
| 050 | 1 | 4 |
_aKJV 1668 _bL462d 2007 |
| 082 | 0 | 0 | _a346.60944 |
| 100 | 1 | _aLeclerc, Frédéric. | |
| 245 | 1 | 0 |
_aDroit des contrats spéciaux / _cFrédéric Leclerc. |
| 260 |
_aParis : _bL.G.D.J., _c2007. |
||
| 300 |
_aviii, 508 p. ; _c19 cm. |
||
| 440 | 0 | _aManuel | |
| 500 | _aIncludes index. | ||
| 650 | 0 |
_aContracts _zFrance. |
|
| 650 | 4 |
_aContratos _zFrancia. |
|
| 650 | 4 | _a20150700 | |
| 923 |
_d20070612 _nB00082655 _sFrPJT |
||
| 946 | _aJaaM | ||
| 999 |
_c64073 _d64073 |
||